| 000 -LEADER |
| fixed length control field |
00438cam a22001457a 4500 |
| 008 - FIXED-LENGTH DATA ELEMENTS--GENERAL INFORMATION |
| fixed length control field |
180718b1998 xxu||||| |||| 00| 0 eng d |
| 082 ## - DEWEY DECIMAL CLASSIFICATION NUMBER |
| Classification number |
T19x54 Ag81/98 (R) |
| 245 ## - TITLE STATEMENT |
| Title |
Indian economy: statistical yearbook 1998 |
| Statement of responsibility, etc. |
edited by A.N. Agrawal and Hari Om Varma |
| 260 ## - PUBLICATION, DISTRIBUTION, ETC. |
| Place of publication, distribution, etc. |
New Delhi |
| Name of publisher, distributor, etc. |
National |
| Date of publication, distribution, etc. |
1998 |
| 300 ## - PHYSICAL DESCRIPTION |
| Extent |
366p. |
| 650 ## - SUBJECT ADDED ENTRY--TOPICAL TERM |
| Topical term or geographic name entry element |
Yearbook |
| 650 ## - SUBJECT ADDED ENTRY--TOPICAL TERM |
| Topical term or geographic name entry element |
India - Economic conditions |
| 700 ## - ADDED ENTRY--PERSONAL NAME |
| Personal name |
Varma, Hari Om |
| 700 ## - ADDED ENTRY--PERSONAL NAME |
| Personal name |
Agrawal, A.N. |